[Event "Ambalangoda Dhamso op 3rd"]
[Site "Ambalangoda"]
[Date "2013.02.24"]
[Round "7"]
[White "Nanayakkara, JAK Saranath"]
[Black "Silva, C."]
[Result "0-1"]
[WhiteElo "1400"]
[BlackElo "1875"]
[PlyCount "182"]
[EventDate "2013.02.21"]
[EventType "swiss"]
[EventRounds "9"]
[EventCountry "SRI"]
[SourceTitle "CBM 153 Extra"]
[Source "ChessBase"]
[SourceDate "2013.04.22"]
[SourceVersion "1"]
[SourceVersionDate "2013.04.22"]
[SourceQuality "1"]

1. d4 d6 2. Bf4 Nf6 3. Nf3 Bg4 4. Nbd2 Nbd7 5. h3 Bh5 6. c3 e6 7. Qb3 Rb8 8. e3 Be7 9. Bd3 Bg6 10. Bxg6 hxg6 11. 0-0-0 b5 12. e4 a5 13. e5 Nd5 14. Bg3 a4 15. Qc2 N7b6 16. exd6 cxd6 17. a3 Rc8 18. Qd3 Nc4 19. Nxc4 bxc4 20. Qc2 Qa5 21. Rhe1 Rh5 22. Nd2 Nf6 23. Ne4 Nxe4 24. Rxe4 Rb5 25. Re2 Rcb8 26. Qe4 d5 27. Qe3 R8b7 28. Rdd2 Qb6 29. Rc2 Qd8 30. Be5 Bf6 31. Bxf6 gxf6 32. Qf3 Kd7 33. Qe3 Qf8 34. Qf3 Qh6+ 35. Qe3 Qh4 36. Rcd2 Rb8 37. Rc2 Qh8 38. Qf3 f5 39. Qe3 Qf6 40. f4 Rh8 41. Qe5 Qxe5 42. dxe5 Rh4 43. Rf2 Ke7 44. Rf3 f6 45. exf6+ Kxf6 46. Re2 Rb8 47. Kc2 Re8 48. Ree3 e5 49. Kd2 e4 50. Rf2 Rd8 51. Rg3 d4 52. cxd4 Rxd4+ 53. Kc3 Rd3+ 54. Rxd3 cxd3 55. Kd4 Rh8 56. Rd2 Ke6 57. Rf2 Rc8 58. Ke3 Kd5 59. g4 Rh8 60. gxf5 gxf5 61. Rh2 Rh4 62. Rh1 Kc4 63. Rh2 Kb3 64. Kd4 Rxf4 65. Ke5 e3 66. Kxf4 d2 67. Re2 d1Q 68. Rxe3+ Kxb2 69. Kxf5 Qd5+ 70. Kg4 Qg2+ 71. Kf5 Qd5+ 72. Kg4 Qc5 73. Rg3 Qxa3 74. Rxa3 Kxa3 75. h4 Kb3 76. Kg5 a3 77. h5 a2 78. Kg6 a1Q 79. Kh7 Qa7+ 80. Kg8 Qb8+ 81. Kh7 Qc7+ 82. Kg8 Qd8+ 83. Kh7 Qe7+ 84. Kh6 Qf6+ 85. Kh7 Qf7+ 86. Kh6 Kc4 87. Kg5 Kd5 88. Kh6 Ke5 89. Kg5 Qg7+ 90. Kh4 Kf4 91. h6 Qxh6# 0-1